• 首页
  • 本馆介绍
  • 公告通知
  • 最新文献
  • 馆藏检索
  • 电子资源
  • 读者导购
  • 参考咨询
  • 我的图书馆
  • 登录
  • 详细信息显示
  • 放入我的书架
  • 预约/预借图书
  • 作者相关作品
  • 分类相关作品
  • 丛书相关作品
  • 出版社相关作品

书目信息

  • 表格格式
  • 工作单格式
  • 卡片格式
题名:
开放经济下中国货币政策传导及有效性研究
    
 
作者: 霍强 著
分册:  
出版信息: 北京   经济科学出版社  2016
页数: 242页
开本: 24cm
丛书名:
单 册:
中图分类: F822.0
科图分类:
主题词: 货币政策--huo bi zheng ce--研究--中国
电子资源:
ISBN: 978-7-5141-7541-7
000 00773nam0 22002291 450
001 0119165238
005 20170619165238.0
010    @a978-7-5141-7541-7@dCNY38.00
100    @a20170308d2016 em y0chiy50 ea
101 0  @achi
102    @aCN@b110000
105    @ay z 000yy
106    @ar
200 1  @a开放经济下中国货币政策传导及有效性研究@9kai fang jing ji xia zhong guo huo bi zheng ce chuan dao ji you xiao xing yan jiu@e基于金融结构的视角@f霍强著
210    @a北京@c经济科学出版社@d2016
215    @a242页@d24cm
517 1  @a基于金融结构的视角@9ji yu jin rong jie gou de shi jiao
606 0  @a货币政策@9huo bi zheng ce@x研究@y中国
690    @aF822.0@v5
701  0 @a霍强@9huo qiang@4著
801  0 @aCN@b百万庄@c20170616
905    @b1010787-92@dF822.0@e81@f6
    
    开放经济下中国货币政策传导及有效性研究:基于金融结构的视角/霍强著.-北京:经济科学出版社,2016
    242页;24cm
    
    
    ISBN 978-7-5141-7541-7:CNY38.00
    
●
相关链接 在E读中查询图书 在五车中查询图书 在当当中查询图书 在豆瓣中查询图书


正题名:开放经济下中国货币政策传导及有效性研究     索取号:F822.0/81         预约/预借

序号 登录号 条形码 馆藏地/架位号 状态 备注
1 1010787   210107873   第一样本阅览室/ [索取号:F822.0/81] 在馆    
2 1010788   210107882   教育系资料室/ [索取号:F822.0/81] 在馆    
3 1010789   210107891   教育系资料室/ [索取号:F822.0/81] 在馆    
4 1010790   210107908   教育系资料室/ [索取号:F822.0/81] 在馆    
5 1010791   210107917   第一借阅区/ [索取号:F822.0/81] 在馆    
6 1010792   210107926   第一借阅区/ [索取号:F822.0/81] 在馆    
唐山师范学院图书馆 欢迎您!
大连网信软件有限公司© 版权所有